ব্যবসায় পরিসংখ্যান / (Record no. 5644)
[ view plain ]
| 000 -LEADER | |
|---|---|
| fixed length control field | 00739nam a2200229 a 4500 |
| 001 - CONTROL NUMBER | |
| JCCL Control Number | 5644 |
| 003 - CONTROL NUMBER IDENTIFIER | |
| JCCL marc code | BD-JhCC |
| 005 - DATE AND TIME OF LATEST TRANSACTION | |
| control field | 20171219125308.0 |
| 008 - FIXED-LENGTH DATA ELEMENTS--GENERAL INFORMATION | |
| fixed length control field | 171214s19841990bg a|||| ||a| 000 0 ben d |
| 035 ## - SYSTEM CONTROL NUMBER | |
| system control number | (BD-JhCC)5644 |
| 040 ## - CATALOGING SOURCE | |
| Original cataloging agency | BD-JhCC |
| Modifying agency | BD-JhCC |
| 041 ## - LANGUAGE CODE | |
| Language code of Book | ben |
| 082 ## - DEWEY DECIMAL CLASSIFICATION NUMBER | |
| Classification number | 516 |
| Author mark and Year | HOS 1993 |
| 100 ## - MAIN ENTRY--PERSONAL NAME | |
| Personal name | দে, সৌরেন্দ্র নাথ |
| 245 ## - TITLE STATEMENT | |
| Title | ব্যবসায় পরিসংখ্যান / |
| Statement of responsibility, etc | সৌরেন্দ্র নাথ দে |
| 260 ## - PUBLICATION, DISTRIBUTION, ETC. (IMPRINT) | |
| Place of publication, distribution, etc | কলিকাতা : |
| Name of publisher, distributor, etc | ছায়া প্রকাশনী, |
| Date of publication, distribution, etc | 1984. |
| 300 ## - PHYSICAL DESCRIPTION | |
| Pagination | 804 p. : |
| Dimensions | 22 cm. |
| 650 ## - SUBJECT ADDED ENTRY--TOPICAL TERM | |
| Topical term or geographic name as entry element | Commercial Statistics |
| 700 ## - ADDED ENTRY--PERSONAL NAME | |
| Personal name | উদ্দীন, মোঃ কেতাব |
| 942 ## - ADDED ENTRY ELEMENTS (KOHA) | |
| Source of classification or shelving scheme | Dewey Decimal Classification |
| Koha item type | Books |
| Source of classification or shelving scheme | Damaged status | Not for loan | Home library | Current library | Shelving location | Date of accession | Cost, normal purchase price | Total Checkouts | Full call number | Barcode | Date last seen | Copy number | Koha item type |
|---|---|---|---|---|---|---|---|---|---|---|---|---|---|
| Dewey Decimal Classification | JCC Rouf Library | JCC Rouf Library | General Stacks | 12/19/2017 | 100.00 | 516 HOS 1993 | 7034 | 12/19/2017 | C-1 | Books | |||
| Dewey Decimal Classification | JCC Rouf Library | JCC Rouf Library | General Stacks | 03/25/2018 | 100.00 | 516 HOS 1993 | 11195 | 03/25/2018 | C-2 | Books |